000 00290nam a22001337a 4500
008 170602b xxu||||| |||| 00| 0 eng d
020 _a9780618427710
041 _aeng
080 _a93
100 _a17
101 _aSHH
245 _aTHE EARTH AND ITS PEOPLE
_cBULLIET
942 _2udc
_cBK
999 _c15741
_d15741